00439 2200193 4500001002100000005001500021035002000036008004100056245002500097100001300122250000600135260003300141300001100174084001400185082000800199650001400207990001200221990001200233INLIS00000000000030120240503081143 a0010-0424000277240503 0 ind 1 aMaterial /cAlastair aAlastair a1 aBandung :bPakar Raya,c2017 a63 hlm a500 ALA m a500 4aNon Fiksi a0728795 a0728796